000 01080namaa22002891i 4500
003 EG-GICUC
005 20260517114736.0
008 260517s1941 ua ||||jr|||| 000 0 ara d
040 _aEG-GiCUC
_bara
_cEG-GiCUC
_dEG-GiCUC
_erda
043 _a ma-----
082 0 4 _221
_a212
_bB267
092 0 4 _221
_a212
_bB267
099 _a212 B267
100 1 _aالبرقوقى، عبد الرحمن
_eمؤلف.
245 1 2 _aالذخائر والعبقريات :
_bمعجم ثقافى جامع /
_cلخادم اللغة الأدب عبد الرحمن البرقوقى
264 _aالقاهرة (مصر) :
_bمكتبة الثقافة الدينية،
_c1941.
300 _aمجلدات 2 ؛
_c24 سم
336 _2rdacontent
_atext
337 _2rdamedia
_aUnmediated
338 _2rdacarrier
_avolume
504 _aيشتمل على ارجاعات ببليوجرافية
541 _aد. جابر عصفور ؛
_bالقاهرة ؛
_cإهداء ؛
_d2024.
650 1 7 _aالاخلاق الاسلامية
_2qrmak
651 1 _2qrmak
905 _aNermeen
942 _2ddc
_n0
_cBK
_e21
999 _c180178
_d180178